00734 2200253 4500001002100000005001700021008004100038020001800079035002400097090001800121100002500139245010500164250001100269260004200280300002600322500003100348500001100379650001800390700002100408850001500429980001500444985000600459999001500465YOGYA-0209000000127320090227020429.0 ind  a979-511-308-9 0010-020900000001273 a327.11bZai K aZainuddin, A. Rahman aKekuasaan dan negarabpemikiran politik Ibnu KhalduncA. Rahman Zainuddin ; editor, Suwandi S. Brata aCet. 1 aJakartabGramedia Pustaka Utamac1992 axviii, 277 hlmc21 cm aBibloografi : hlm. 253-257 aIndeks aPolitikxIlmu aBrata, Suwandi S aYOPDYOG(B) a07-14-2005 a1 a93P0046220